00717nam a2200241 a 4500001001300000003000900013005001700022008004100039020001200080082001500092100001800107245005000125260004500175300000900220500003500229505003100264650002100295700001800316902000800334942000700342952011300349999001300462nice12345678IN_TiNIC20260116011259.0050524s1965 dela grp 000 0 eng  ac71.0500a241.6bPIK aPike, James A aDoing the Truthb Summary of Christian Ethics aDelhibIntercultural Publications c1965 a178p aincludes index and biblioraphy2 aNotes, Bibliography, Index aChristian-Ethics1 aPike, James A bSRS cBK 001040708StackRoom-aHMIbHMId2007-06-29g71.05l0o241.6 PIKp04184r2007-06-29v71.05w2005-05-24yBK c140d140